[Event "FICGS rapid B 000232 email"]
[Site "FICGS email"]
[Date "2015.07.31"]
[Round "1"]
[White "Duttagupta, Aniruddha"]
[Black "Schmidt, Jonny"]
[Result "1/2-1/2"]
[WhiteElo "2003"]
[BlackElo "1800"]
[PlyCount "71"]
[EventDate "2015.??.??"]
[EventType "tourn (rapid)"]
[EventRounds "6"]
[SourceTitle "Corr 2022"]
[Source "ChessBase"]
[SourceDate "2021.10.24"]
[SourceVersion "1"]
[SourceVersionDate "2021.10.24"]
[SourceQuality "1"]

1. e4 e6 2. d4 d5 3. e5 c5 4. c3 Nc6 5. Nf3 Bd7 6. Be2 Nge7 7. Na3 Nf5 8. Nc2 cxd4 9. cxd4 Qb6 10. 0-0 a5 11. g4 Nfe7 12. Nh4 Ng6 13. Ng2 Be7 14. f4 0-0 15. Be3 f5 16. exf6 Rxf6 17. h4 Bd6 18. h5 Nge7 19. Bd3 Rf7 20. Nce1 Raf8 21. Nf3 h6 22. Kh2 Bxf4+ 23. Nxf4 e5 24. Ng6 Bxg4 25. Nxf8 e4 26. Be2 exf3 27. Bxf3 Bxf3 28. Rxf3 Qxb2+ 29. Kg3 Rxf3+ 30. Qxf3 Qxa1 31. Ne6 Qe1+ 32. Kg2 Kh7 33. Qf7 Qe2+ 34. Kh1 Qe1+ 35. Kg2 Qe2+ 36. Kh1 1/2-1/2